Śrī Purandarōtsava mattu Akhila Karnāṭaka Kīrtanakārara Sammēḷanada divyanenahu. (Record no. 66563)

MARC details
000 -LEADER
fixed length control field 00816cam a22002531 4500
001 - CONTROL NUMBER
control field sa 65010128
003 - CONTROL NUMBER IDENTIFIER
control field DLC
005 - DATE AND TIME OF LATEST TRANSACTION
control field 20260227112206.0
008 - FIXED-LENGTH DATA ELEMENTS--GENERAL INFORMATION
fixed length control field 940602s1964 ii ac 000 0 kano
010 ## - LIBRARY OF CONGRESS CONTROL NUMBER
LC control number sa 65010128
025 ## - OVERSEAS ACQUISITION NUMBER
Overseas acquisition number PL480:I-Kan-563
035 ## - SYSTEM CONTROL NUMBER
System control number (OCoLC)30538652
040 ## - CATALOGING SOURCE
Original cataloging agency DLC
Transcribing agency CU
Modifying agency CU
-- DLC
042 ## - AUTHENTICATION CODE
Authentication code premarc
050 00 - LIBRARY OF CONGRESS CALL NUMBER
Classification number ML410.S8
Item number S7
100 0# - MAIN ENTRY--PERSONAL NAME
Personal name Śrī Purandarōtsava mattu Akhila Karnāṭaka Kīrtanakārara Sammēḷana Samiti.
245 10 - TITLE STATEMENT
Title Śrī Purandarōtsava mattu Akhila Karnāṭaka Kīrtanakārara Sammēḷanada divyanenahu.
260 ## - PUBLICATION, DISTRIBUTION, ETC.
Date of publication, distribution, etc. 1964.
300 ## - PHYSICAL DESCRIPTION
Extent 100 p. (p. 95-100 advertisements)
Other physical details ill., ports.
Dimensions 24 cm.
500 ## - GENERAL NOTE
General note In Kannada.
600 00 - SUBJECT ADDED ENTRY--PERSONAL NAME
Personal name Purandaradāsa,
Dates associated with a name 1484-1564.
700 1# - ADDED ENTRY--PERSONAL NAME
Personal name Acyutadāsa, Bhadragiri.
700 1# - ADDED ENTRY--PERSONAL NAME
Personal name Kēśavadāsa, Bhadragiri.

No items available.

Powered by Koha